Normal view MARC view
  • Rodríguez Calderón, Carlos

Entry Nombre Personal

Number of records used in: 15

001 - NUMERO DE CONTROL

  • campo de control: 31053

003 - IDENTIFICADOR DE NUMERO DE CONTROL

  • campo de control: MX-MxUPN

005 - FECHA Y HORA DE LA ÜLTIMA TRANSACCIÓN

  • campo de control: 20220404132942.0

008 - DATOS DE LONGITUD FIJA

  • campo de control de longitud fija: nabaccnnaabn|||||||||| b |nc|||||d

035 ## - NUMERO DE CONTROL

  • Número de control: UPN11000003159

040 ## - FUENTE DE CATALOGACIÓN

  • Agencia original de catalogación: MX-MxUPN
  • Lenguaje de catalogación: spa
  • Agencia de transcripción: MX-MxUPN

100 1# - ENCABEZAMIENTO - NOMBRE PERSONAL

  • Nombre personal: Rodríguez Calderón, Carlos

400 1# - VEÁSE - NOMBRE DE PERSONA

  • Personal name: Rodríguez C., Carlos

670 ## - FUENTE EN LA QUE SE LOCALIZARON DATOS

  • Cita de la fuente: Ligeros apuntes de higiene privada y pública apropiados para los alumnos de la escuela primaria de la República Mexicana, 1899:
  • Información localizada: portada (Carlos Rodríguez Calderón)

670 ## - FUENTE EN LA QUE SE LOCALIZARON DATOS

  • Cita de la fuente: Historia patria : compendio : programa desarrollado para 3er. año de primaria programa desarrollado para 3er. año de primaria, 1948:
  • Información localizada: portada (Carlos Rodríguez C.)

902 ## - CATALOGADOR

  • Catalogador: CAA/150611